[Event "EYCC 2017"]
[Site "Mamaia"]
[Date "2017.09.11"]
[Round "6"]
[White "Avalyan, Artur"]
[Black "Tomasi, Albert"]
[Result "1/2-1/2"]
[WhiteElo "2277"]
[BlackElo "2343"]
[Annotator "NA"]
[PlyCount "70"]
[EventDate "2017.??.??"]
[EventType "swiss"]
[EventCountry "ROU"]
[SourceTitle "playchess.com"]
[Source "ChessBase"]
[SourceQuality "1"]
[TimeControl "40/5400+30:1800+30"]

1. d4 {[%emt 0:00:00]} Nf6 {[%emt 0:00:23]} 2. c4 {[%emt 0:00:00]} c5 {[%emt 0:00:18]} 3. d5 {[%emt 0:00:00]} b5 {[%emt 0:00:12]} 4. cxb5 {[%emt 0:00:00]} a6 {[%emt 0:00:09]} 5. bxa6 {[%emt 0:00:00]} e6 {[%emt 0:00:06]} 6. Nc3 {[%emt 0:04:04]} exd5 {[%emt 0:00:07]} 7. Nxd5 {[%emt 0:00:25]} Bxa6 {[%emt 0:00:07]} 8. e4 {[%emt 0:10:26]} Bxf1 {[%emt 0:00:22]} 9. Kxf1 {[%emt 0:00:05]} Be7 {[%emt 0:00:17]} 10. Nc3 {[%emt 0:19:19]} Nc6 {[%emt 0:05:15]} 11. Nf3 {[%emt 0:01:37]} O-O {[%emt 0:02:20]} 12. g3 {[%emt 0:04:14]} c4 {[%emt 0:06:09]} 13. Kg2 {[%emt 0:05:38]} Re8 {[%emt 0:08:07]} 14. Re1 {[%emt 0:09:13]} Bb4 {[%emt 0:19:25]} 15. Bg5 {[%emt 0:07:35]} Bxc3 {[%emt 0:02:58]} 16. bxc3 {[%emt 0:00:38]} h6 {[%emt 0:00:05]} 17. Bxf6 Qxf6 {[%emt 0:00:06]} 18. Qc2 {[%emt 0:04:05]} Ra3 {[%emt 0:01:13]} 19. Rac1 {[%emt 0:06:26]} d6 {[%emt 0:11:48]} 20. Re3 {[%emt 0:03:48]} Rea8 {[%emt 0:01:24]} 21. Qe2 {[%emt 0:00:51]} Rxa2 {[%emt 0:02:14]} 22. Qxc4 {[%emt 0:00:39]} Ne5 {[%emt 0:00:26]} 23. Qf1 {[%emt 0:00:44]} Ng4 {[%emt 0:21:17]} 24. Re2 {[%emt 0:00:11]} Qxf3+ {[%emt 0:00:10]} 25. Kxf3 {[%emt 0:00:06]} Nxh2+ {[%emt 0:00:04]} 26. Ke3 {[%emt 0:01:13]} Nxf1+ {[%emt 0:00:09]} 27. Rxf1 {[%emt 0:00:03]} Rxe2+ {[%emt 0:00:16]} 28. Kxe2 {[%emt 0:00:02]} Kf8 {[%emt 0:00:26]} 29. Kd3 {[%emt 0:05:56]} Ra2 {[%emt 0:01:26]} 30. Kd4 {[%emt 0:00:22]} Ke7 {[%emt 0:00:29]} 31. f4 {[%emt 0:02:00]} Rd2+ {[%emt 0:03:12]} 32. Ke3 {[%emt 0:01:43]} Rg2 {[%emt 0:00:16]} 33. Rf3 {[%emt 0:00:14]} Ke6 {[%emt 0:00:27]} 34. Kd4 {[%emt 0:02:08]} f5 {[%emt 0:05:17]} 35. Rd3 {[%emt 0:01:28]} fxe4 {[%emt 0:02:00] Ke5+ Kxe5} 1/2-1/2

[Event "EYCC 2017"]
[Site "Mamaia"]
[Date "2017.09.11"]
[Round "6"]
[White "Maltsevskaya, Aleksandra"]
[Black "Sliwicka, Alicja"]
[Result "1-0"]
[WhiteElo "2271"]
[BlackElo "2230"]
[Annotator "TA"]
[PlyCount "112"]
[EventDate "2017.??.??"]
[EventType "swiss"]
[EventCountry "ROU"]
[SourceTitle "playchess.com"]
[Source "ChessBase"]
[SourceQuality "1"]

{[%evp 37,112,-31,-27,-37,0,0,138,135,114,0,0,-302,-297,-375,-368,-350,-382,-366,-393,-365,-357,-385,-269,-385,-382,-344,-175,-175,-173,-173,-173,-173,-169,-173,-175,-174,-169,-174,-150,-138,-137,-146,0,-91,-52,-199,100,100,390,380,1102,1045,1645,1587,1539,1472,1361,1230,29976,29964,29952,5634,29979,29980,29965,29958,29953,29952,29962,29964,29964,29965,29961,29956,6620,6087,29990]} 1. e4 e5 2. Nf3 Nc6 3. Bb5 a6 4. Ba4 Nf6 5. O-O Be7 6. Re1 b5 7. Bb3 d6 8. c3 O-O 9. h3 Na5 10. Bc2 c5 11. d4 Nd7 12. Nbd2 exd4 13. cxd4 Nc6 14. d5 Nce5 15. Nxe5 {C96: Closed Ruy Lopez: Chigorin Defence: 11 d4, replies other than 11...Qc7} (15. a4 Rb8 16. Nxe5 Nxe5 17. axb5 axb5 18. f4 Ng6 19. Nf3 Bh4 20. Rf1 Bg3 21. f5 Ne5 22. Ng5 h6 {1-0 (41) Areshchenko,A (2652)-Banusz,T (2611) Linares 2017}) 15... Nxe5 16. f4 {[%cal Bf2f4,Bf4f5,Bf5f6][%mdl 32]} Ng6 17. Nf3 Bh4 18. Rf1 Bg3 19. f5 Ne5 {LiveBook: 10 Games} 20. Ng5 h6 21. f6 $1 hxg5 (21... gxf6 $11 22. Nf3 Kg7) 22. Bxg5 $16 g6 23. Qc1 $146 (23. Qe2 $1 $16) 23... Nd7 $1 $11 24. Rf3 $2 {[%mdl 8192]} (24. Bf4 $11 Bh4 25. Bxd6 Bxf6 26. Bxf8 Qxf8 27. Rb1) 24... Be5 $19 25. Qe1 Bxb2 26. Rb1 Bd4+ ({And not} 26... Bxf6 27. Rxf6 $1 {[%mdl 512]} Qc7 28. Qh4 $16) 27. Kh1 Re8 $1 28. Qh4 {[#] e5 is the strong threat.} Re5 $1 29. Rbf1 Bb7 30. g4 {[#]} (30. Bd1 {is a better defense.}) 30... Rxg5 $1 31. Qxg5 Bxf6 (31... Ne5 $142 32. Rg3 Kf8) 32. Rxf6 Nxf6 33. Qxf6 Qxf6 34. Rxf6 {[%mdl 4096] Endgame KRB-KRB} Rd8 35. Kh2 Kf8 36. h4 {[%cal Bh3h4,Bh4h5,Bh5h6][%mdl 32]} Ke7 37. Rf2 c4 38. Kg3 a5 39. h5 Ba6 (39... g5 $17 40. Kf3 Bc8) 40. Kf4 (40. h6 $11 {was the only way to keep the balance.}) 40... b4 41. Kg5 (41. h6 $15) 41... c3 $2 {[#]} ({Black should try} 41... gxh5 $19 42. gxh5 Rg8+ 43. Kf4 Bb5) 42. Kh6 $1 $16 {[%cal Rh6g7][%mdl 1024] And now Kg7 would win. White has strong compensation.} Rg8 $2 {[%mdl 8192]} (42... gxh5 $16 43. Kg7 Rf8 44. gxh5 Bc4) 43. Kh7 $18 Kf8 $2 (43... Re8 44. Kg7 gxh5) 44. h6 g5 {[#]} 45. e5 $1 {[%mdl 512]} dxe5 46. Rf6 Bb5 47. Rb6 {Threatens to win with d6.} Be8 48. Rb8 Rg6 49. Bxg6 {Intending d6 and mate.} fxg6 {KR-KB} 50. d6 Kf7 51. Rb7+ Ke6 52. Kg7 Bc6 53. d7 Bxd7 54. h7 Bc6 55. Rc7 Kd6 {[#]} 56. Rxc6+ $1 {[%mdl 512]} Kd5 {Precision: White = 55%, Black = 41%.} (56... Kxc6 57. h8=Q) 1-0

[Event "EYCC 2017"]
[Site "Mamaia"]
[Date "2017.09.11"]
[Round "6"]
[White "Cvitan, Ena"]
[Black "Badelka, Olga"]
[Result "1/2-1/2"]
[WhiteElo "2270"]
[BlackElo "2335"]
[Annotator "TA"]
[PlyCount "48"]
[EventDate "2017.??.??"]
[EventType "swiss"]
[EventCountry "ROU"]
[SourceTitle "playchess.com"]
[Source "ChessBase"]
[SourceQuality "1"]

{[%evp 14,48,39,26,25,27,38,30,28,0,-10,2,5,-46,-37,-150,-78,-96,42,32,25,0,0,0,30,27,29,0,0,0,0,0,0,0,7,0,23]} 1. d4 d5 2. c4 dxc4 3. e3 Nf6 4. Nf3 b5 5. a4 b4 6. Bxc4 {D25: Queen's Gambit Accepted: 4 e3: sidelines and 4...Bg4} e6 7. O-O Bb7 8. Qe2 {LiveBook: 11 Games. White is slightly better.} c5 $146 {[%cal Bc7c5,Bc5d4][%mdl 32]} ({Predecessor:} 8... Be7 9. Nbd2 O-O 10. b3 c5 11. Bb2 Nbd7 12. Rfd1 Qa5 {0-1 (47) Ramirez,A (2574)-Azarov,S (2639) Las Vegas 2014}) 9. Rd1 Nbd7 10. Nbd2 (10. e4 $5) 10... Be7 11. e4 O-O 12. e5 Nd5 13. Ne4 (13. Nb3 $11) 13... cxd4 $1 $15 14. Bd3 {[#]} (14. Bb5 $15) 14... Rc8 ({Black should play} 14... Qc7 $1 15. Ng3 Nc5 16. Nxd4 Rac8) 15. h4 {[%cal Bh2h4,Bh4h5][%mdl 32]} Nc5 ({Better is} 15... Qc7 $17 16. Nd6 Bxd6 17. exd6 Qxd6) 16. Nxc5 $14 Rxc5 17. Ng5 (17. Qe4 $5 {[%cal Re4h7]} g6 18. Bh6 $11) 17... g6 18. Ne4 Rc7 19. Bh6 Re8 20. h5 Bf8 {The position is equal.} 21. Bg5 Be7 22. Bh6 Bf8 23. Bg5 Be7 24. Bh6 Bf8 {Precision: White = 28%, Black = 62%.} 1/2-1/2

[Event "EYCC 2017"]
[Site "Mamaia"]
[Date "2017.09.11"]
[Round "6"]
[White "Yeritsyan, Aram"]
[Black "De Boer, Eelke"]
[Result "1/2-1/2"]
[WhiteElo "2264"]
[BlackElo "2233"]
[Annotator "NA"]
[PlyCount "101"]
[EventDate "2017.??.??"]
[EventType "swiss"]
[EventCountry "ROU"]
[SourceTitle "playchess.com"]
[Source "ChessBase"]
[SourceQuality "1"]
[TimeControl "40/5400+30:1800+30"]

1. e4 {[%emt 0:00:00]} c5 {[%emt 0:00:08]} 2. Nf3 {[%emt 0:00:00]} d6 {[%emt 0:00:07]} 3. d4 {[%emt 0:00:00]} cxd4 {[%emt 0:00:06]} 4. Nxd4 {[%emt 0:00:00]} Nf6 {[%emt 0:00:12]} 5. f3 {[%emt 0:00:00]} e5 {[%emt 0:00:08]} 6. Nb3 {[%emt 0:00:00]} d5 {[%emt 0:00:04]} 7. Bg5 {[%emt 0:00:07]} d4 {[%emt 0:00:07]} 8. c3 {[%emt 0:00:56]} Nc6 {[%emt 0:01:13]} 9. cxd4 {[%emt 0:00:08]} Bb4+ {[%emt 0:00:12]} 10. Bd2 {[%emt 0:00:46]} Nxe4 {[%emt 0:01:44]} 11. Bxb4 {[%emt 0:03:52]} Qh4+ {[%emt 0:00:47]} 12. g3 {[%emt 0:00:48]} Nxg3 {[%emt 0:00:07]} 13. hxg3 {[%emt 0:00:11]} Qxg3+ {[%emt 0:00:07]} 14. Kd2 {[%emt 0:10:45]} Nxb4 {[%emt 0:10:17]} 15. Bb5+ {[%emt 0:09:50]} Ke7 {[%emt 0:06:57]} 16. Qe2 {[%emt 0:12:36]} Bf5 {[%emt 0:11:23]} 17. Nc3 {[%emt 0:18:48]} a6 {[%emt 0:10:32]} 18. Bc4 {[%emt 0:03:04]} Rhd8 {[%emt 0:04:30]} 19. Rag1 {[%emt 0:04:40]} Qf4+ {[%emt 0:03:58]} 20. Qe3 {[%emt 0:04:34]} Qxe3+ {[%emt 0:07:55]} 21. Kxe3 {[%emt 0:00:12]} Nc2+ {[%emt 0:00:39]} 22. Ke2 {[%emt 0:11:14]} Nxd4+ {[%emt 0:11:13]} 23. Nxd4 {[%emt 0:00:07]} Rxd4 {[%emt 0:00:13]} 24. Bd5 {[%emt 0:03:00]} Rd8 {[%emt 0:03:24]} 25. Rd1 {[%emt 0:01:02]} Rxd1 {[%emt 0:06:00]} 26. Rxd1 {[%emt 0:00:12]} Rd7 {[%emt 0:01:42]} 27. b4 {[%emt 0:01:36]} h5 {[%emt 0:03:29]} 28. Rh1 {[%emt 0:00:31]} g6 {[%emt 0:00:53]} 29. a4 {[%emt 0:00:45]} Be6 {[%emt 0:01:27]} 30. Bxe6 {[%emt 0:01:25]} Kxe6 {[%emt 0:00:06]} 31. Ne4 {[%emt 0:00:02]} b6 {[%emt 0:02:41]} 32. Rc1 {[%emt 0:03:12]} f5 {[%emt 0:01:11]} 33. Rc6+ {[%emt 0:00:05]} Kd5 {[%emt 0:00:42]} 34. Rxg6 {[%emt 0:02:35]} fxe4 {[%emt 0:00:07]} 35. fxe4+ {[%emt 0:01:04]} Kxe4 {[%emt 0:00:12]} 36. Rxb6 {[%emt 0:00:02]} a5 {[%emt 0:03:19]} 37. bxa5 {[%emt 0:00:22]} Rd4 {[%emt 0:00:09]} 38. Rh6 {[%emt 0:00:40]} Rxa4 {[%emt 0:01:23]} 39. Rxh5 {[%emt 0:00:02]} Ra2+ {[%emt 0:00:54]} 40. Ke1 {[%emt 0:00:00]} Rxa5 {[%emt 0:00:36]} 41. Rh3 {[%emt 0:00:19]} Rd5 {[%emt 0:01:46]} 42. Ke2 {[%emt 0:00:05]} Rd6 {[%emt 0:02:12]} 43. Rh4+ {[%emt 0:00:18]} Kf5 {[%emt 0:00:09]} 44. Ke3 {[%emt 0:00:03]} Rd8 {[%emt 0:00:44]} 45. Rh5+ {[%emt 0:00:45]} Ke6 {[%emt 0:00:09]} 46. Rh1 {[%emt 0:00:50]} Ra8 {[%emt 0:00:10]} 47. Rb1 {[%emt 0:00:14]} Ra3+ {[%emt 0:00:06]} 48. Ke4 {[%emt 0:00:02]} Ra4+ {[%emt 0:00:29]} 49. Ke3 {[%emt 0:00:03]} Rh4 {[%emt 0:00:34]} 50. Rb8 {[%emt 0:00:08]} Rh3+ {[%emt 0:00:26]} 51. Ke4 1/2-1/2

[Event "EYCC 2017"]
[Site "Mamaia"]
[Date "2017.09.11"]
[Round "6"]
[White "Afonasieva, Anna"]
[Black "Nilssen, Ellen Fredericia"]
[Result "1-0"]
[WhiteElo "2263"]
[BlackElo "1977"]
[Annotator "TA"]
[PlyCount "57"]
[EventDate "2017.??.??"]
[EventType "swiss"]
[EventCountry "ROU"]
[SourceTitle "playchess.com"]
[Source "ChessBase"]
[SourceQuality "1"]

{[%evp 10,56,26,31,78,65,85,89,141,123,198,149,174,171,241,149,164,166,147,99,228,221,234,260,412,375,477,476,468,347,470,491,758,779,735,539,524,493,1224,1137,2785,1108,1094,1070,29994,1360,29998,29999,29999]} 1. d4 d5 2. c4 e6 3. Nc3 Nf6 4. Nf3 Bb4 5. e3 c6 6. Bd3 {LiveBook: 18 Games} Qa5 {D45: Semi-Slav: 5 e3} (6... Nbd7 7. O-O O-O 8. Qc2 Bd6 9. c5 Bb8 10. e4 e5 11. exd5 exd4 12. Ne2 Nxd5 13. Bxh7+ Kh8 14. Bg5 Qa5 15. Be4 Nb4 16. Qd2 Nxc5 17. Bf6 {1-0 (17) Ovsejevitsch,S (2572)-Kuijf,M (2419) Triesen 2012}) 7. Bd2 dxc4 8. Bxc4 b5 ({Black should play} 8... O-O) 9. Bd3 $16 Nd5 (9... Qd8 $16 {keeps fighting.} 10. O-O a5) 10. Qc2 Bb7 $146 ({Predecessor:} 10... Nd7 11. O-O N7f6 12. Nxd5 Bxd2 13. Qxc6+ Kd8 14. Nxf6 gxf6 15. Bxb5 {1-0 (34) Franke,R-Haakonstad,O Detroit East 1983}) 11. O-O Nd7 (11... a6 $142 12. a4 Bxc3) 12. e4 ({Don't take} 12. Bxh7 $6 Bxc3 13. Bxc3 (13. bxc3 N5f6 $16) 13... Nxc3 $16) 12... Nxc3 13. bxc3 {[%cal Bb2c3,Bc3c4][%mdl 32]} Ba3 14. Qb3 a6 (14... Qa4 $16 {might work better.}) 15. c4 $18 b4 16. c5 e5 (16... Qc7 $142 17. Bxb4 Bxb4) 17. Ng5 O-O-O 18. Nxf7 exd4 19. Bc4 Nxc5 20. Qg3 Qc7 (20... Rhf8 $142 21. Nxd8 Qxd8) 21. Bf4 Qd7 22. Ne5 Qe7 23. Be2 Nd7 (23... Ba8 $142 24. Rab1 d3) 24. Nc4 Qc5 25. Bd6 (25. Bg4 $142 Ba8 26. Bb8 Qa7 27. Bxa7 Kb7 28. Na5+ Kxa7 29. Qc7+ Bb7 30. Qxb7#) 25... Qa7 26. Bc7 {[#] Intending Nd6+ and mate.} Qc5 27. Nd6+ (27. Bg4 $142 Ba8 28. Bb8 Qa7 29. Bxa7 Kb7 30. Na5+ Kxa7 31. Qc7+ Bb7 32. Qxb7#) 27... Kxc7 28. Nb5+ $1 Kb6 29. Qc7# {Precision: White = 40%, Black = 22%.} 1-0

[Event "EYCC 2017"]
[Site "Mamaia"]
[Date "2017.09.11"]
[Round "6"]
[White "Sieber, Fiona"]
[Black "Weis, Olga"]
[Result "1/2-1/2"]
[WhiteElo "2248"]
[BlackElo "2005"]
[Annotator "TA"]
[PlyCount "93"]
[EventDate "2017.??.??"]
[EventType "swiss"]
[EventCountry "ROU"]
[SourceTitle "playchess.com"]
[Source "ChessBase"]
[SourceQuality "1"]

{[%evp 15,93,37,50,-19,-25,-28,-21,-12,-27,-36,-27,-24,0,0,12,0,0,0,20,14,13,15,83,47,59,46,79,83,83,84,104,90,119,117,116,116,100,24,16,-7,-14,0,0,0,0,-254,-241,-257,-182,-406,-159,-190,-195,-147,-90,-82,-23,-20,-23,-120,0,0,275,0,0,0,0,0,0,0,0,0,0,0,0,0,0,0,0,0]} 1. e4 c5 2. Nf3 e6 3. d4 cxd4 4. Nxd4 Nf6 5. Nc3 Nc6 6. Ndb5 Bc5 7. Bf4 e5 {B45: Sicilian Four Knights} (7... O-O 8. Bc7 Qe7 9. Bd6 Bxd6 10. Qxd6 Qd8 11. O-O-O a6 12. Nd4 Qb6 13. Nxc6 bxc6 14. Qd4 Qxd4 15. Rxd4 {½-½ (51) Annaberdiev,M (2485)-Reinderman,D (2573) Dieren 2017}) 8. Bg5 O-O {LiveBook: 3 Games} 9. Bxf6 (9. Qf3 $1 $14) 9... Qxf6 $11 {[%csl Gc5][%cal Rf6f2]} 10. Qd2 d6 11. Nc7 Rb8 12. N7d5 Qh4 $146 ({Predecessor:} 12... Qd8 13. Bd3 Be6 14. O-O a6 15. Kh1 {0-1 (43) Pedro,F (2164)-Dolezal,C (2428) Buenos Aires 2011}) 13. g3 Qh5 (13... Qd8 {seems wilder.} 14. Bg2 b5 15. a3 a5 16. O-O b4) 14. Be2 Bg4 15. Bxg4 Qxg4 16. Qe2 $36 {[%mdl 2048] White has some pressure.} Qe6 17. O-O-O Nd4 18. Qd3 f5 (18... b5 $11) 19. Rhf1 fxe4 20. Qxe4 Nf3 {With the idea ...Qh6+.} 21. Nf4 $1 {[%cal Rf4e6]} Qh6 22. Qxf3 exf4 23. g4 b6 24. Nd5 a5 25. h4 Rbe8 26. g5 ({White should play} 26. a3 $16) 26... Qxh4 27. Nc7 (27. g6 $5 hxg6 28. Nxb6 $1 $11 {[%mdl 512]}) 27... Re5 28. Rd5 {And now Rxe5 would win.} Rff5 (28... Qxg5 $5 29. Ne6 $8 Rxd5 30. Nxg5 Rxg5 $11) 29. Rxe5 Rxe5 (29... dxe5 30. Ne6 $16) 30. Qa8+ $2 {[%mdl 8192]} (30. Qb3+ $1 $11 d5 31. Nxd5) 30... Kf7 $19 31. g6+ hxg6 {Hoping for ...Qe7.} 32. Nd5 $2 (32. Qf3 {keeps fighting.}) 32... Qg5 $2 (32... f3 $19 {and Black stays clearly on top.} 33. Qb7+ Kg8 34. Nxb6 Qf4+ 35. Kb1 Qe4 36. Qxe4 Rxe4) 33. Qb7+ $17 {[#]} Ke6 $1 34. c4 {[#]} f3+ (34... Bxf2 $142 $1 35. Qxg7 (35. Qc8+ $2 Kf7 $19) 35... Re1+ 36. Rxe1+ Bxe1) 35. Kb1 Qf5+ (35... Bxf2 $17 36. Qxg7 (36. Qc8+ $2 Kf7 $19) 36... b5) 36. Ka1 $11 {[%csl Gd5][%cal Rb7e7]} Qf8 37. Nc7+ (37. a3 $1 $11) 37... Kd7 ({Black should try} 37... Kf7 $17 {White must now prevent ...Kg8.} 38. Qxf3+ Kg8 39. Qxf8+ Kxf8) 38. Nd5+ Ke8 $2 {[%mdl 8192]} (38... Ke6 $11) 39. Rh1 $2 (39. a4 $18) 39... Bxf2 {Strongly threatening ...Bh4!The position is equal.} 40. a3 {aiming for Nf6+!} Re1+ 41. Rxe1+ Bxe1 42. Qc8+ Kf7 43. Qd7+ Kg8 44. Ne7+ Kf7 45. Nd5+ Kg8 46. Ne7+ Kf7 47. Nd5+ {Precision: White = 39%, Black = 44%.} 1/2-1/2

[Event "EYCC 2017"]
[Site "Mamaia"]
[Date "2017.09.11"]
[Round "6"]
[White "Mis, Mieszko"]
[Black "Ozenir, Ekin Baris"]
[Result "1-0"]
[WhiteElo "2245"]
[BlackElo "2422"]
[Annotator "TA"]
[PlyCount "111"]
[EventDate "2017.??.??"]
[EventType "swiss"]
[EventCountry "ROU"]
[SourceTitle "playchess.com"]
[Source "ChessBase"]
[SourceQuality "1"]

{[%evp 20,111,16,11,11,5,19,20,14,22,29,43,24,0,13,18,27,30,171,158,224,215,345,340,325,343,516,524,516,520,1099,810,816,820,750,737,1214,343,349,349,343,335,331,306,304,297,298,297,288,285,360,308,294,294,368,368,368,368,363,315,368,205,205,205,205,205,229,199,199,199,199,191,847,835,829,737,872,847,869,854,870,885,865,801,514,779,617,617,779,733,29969,29971,29955,10829]} 1. d4 e6 2. Bf4 Nf6 3. e3 b6 4. Nd2 Bb7 5. c3 c5 6. Ngf3 Nc6 7. Bd3 Be7 8. h3 O-O 9. O-O d5 10. Qe2 {D02: 1 d4 d5 2 Nf3 sidelines, including 2...Nf6 3 g3 and 2...Nf6 3 Bf4} (10. Re1 Bd6 11. Bxd6 Qxd6 12. e4 dxe4 13. Nxe4 Nxe4 14. Bxe4 Rad8 15. dxc5 Qxc5 16. Qe2 Rd6 17. Rad1 Rfd8 18. Rxd6 Rxd6 {½-½ (30) Safarli,E (2633)-Salgado Lopez,I (2627) Linares 2017}) 10... Bd6 11. Rfe1 {LiveBook: 3 Games} Bxf4 12. exf4 {The position is equal.} Ne7 $146 ({Find the theoretical novelty and annotate with similar games:} 12... cxd4 13. Nxd4 Nxd4 14. cxd4 Qd6 15. g3 Rac8 16. Rac1 Qd7 17. Kg2 Rxc1 18. Rxc1 {½-½ (44) Leimgruber,R (2410)-Dmitriev,V (2313) ICCF email 2013}) 13. Rad1 a5 14. Ne5 c4 15. Bc2 b5 16. Ndf3 Qd6 17. g3 Ba6 18. Ng4 Nxg4 (18... Nd7 $11 {and Black stays safe.}) 19. hxg4 $18 Rae8 (19... b4 $16) 20. Kg2 Ng6 (20... f6 {is a better defense.} 21. g5 (21. Qxe6+ Qxe6 22. Rxe6 Bc8 $16) 21... Nc6 22. gxf6 gxf6) 21. Rh1 f5 22. Rh5 Bb7 (22... b4 $142 23. Re1 (23. gxf5 exf5 24. Qd2 Bc8 $16) 23... b3) 23. Rdh1 h6 24. g5 hxg5 (24... Bc6 $142 25. gxh6 Re7 26. hxg7 Rxg7) 25. Nxg5 {[#] White wants to mate with Rh8+!} Rf6 26. Rh7 Kf8 27. Qh5 Qc6 28. Rh8+ $2 (28. Re1) 28... Ke7 {[#]} 29. Rxe8+ $1 Qxe8 30. Nh7 Qf7 31. Nxf6 Qxf6 32. Qg5 Bc6 33. Qxf6+ Kxf6 {[%mdl 4096] Endgame KRB-KBN} 34. b3 Kf7 35. Rb1 Ne7 36. a4 b4 37. cxb4 axb4 38. Kf1 c3 39. Ke2 Be8 40. Bd3 (40. a5 $142) 40... Nc6 41. Ke3 Na5 42. Bc2 Kg8 43. f3 Bg6 44. g4 Kf7 45. gxf5 Bxf5 $2 (45... exf5 46. Rf1 Kf6) 46. Bxf5 exf5 {KR-KN} 47. Kd3 Ke6 48. Re1+ Kd6 49. Rg1 Nxb3 50. Rb1 c2 51. Kxc2 Nxd4+ 52. Kd3 Nc6 53. Rg1 Kc5 54. Rxg7 d4 55. Rb7 Kd6 56. Rb5 {Precision: White = 82%, Black = 34%.} (56. Rb6 $142 Kc7 57. Rb5 Kc8 58. Rxf5 Kd8 59. Rc5 Nb8 60. Kxd4 Ke7 61. Rb5) 1-0

[Event "EYCC 2017"]
[Site "Mamaia"]
[Date "2017.09.11"]
[Round "6"]
[White "Can, Isik"]
[Black "Kharitonov, Egor"]
[Result "1/2-1/2"]
[WhiteElo "2239"]
[BlackElo "2387"]
[Annotator "NA"]
[PlyCount "81"]
[EventDate "2017.??.??"]
[EventType "swiss"]
[EventCountry "ROU"]
[SourceTitle "playchess.com"]
[Source "ChessBase"]
[SourceQuality "1"]
[TimeControl "40/5400+30:1800+30"]

1. e4 {[%emt 0:00:00]} c5 {[%emt 0:00:06]} 2. Nf3 {[%emt 0:00:00]} e6 {[%emt 0:00:04]} 3. d4 {[%emt 0:00:00]} cxd4 {[%emt 0:00:05]} 4. Nxd4 {[%emt 0:00:00]} a6 {[%emt 0:00:07]} 5. c4 {[%emt 0:00:04]} Nf6 {[%emt 0:00:10]} 6. Nc3 {[%emt 0:00:11]} Bb4 {[%emt 0:00:12]} 7. Qd3 {[%emt 0:00:10]} Nc6 {[%emt 0:00:16]} 8. Nxc6 {[%emt 0:00:37]} dxc6 {[%emt 0:00:06]} 9. Qxd8+ {[%emt 0:00:04]} Kxd8 {[%emt 0:00:05]} 10. e5 {[%emt 0:00:03]} Ne4 {[%emt 0:00:13]} 11. a3 {[%emt 0:05:52]} Bxc3+ {[%emt 0:10:41]} 12. bxc3 {[%emt 0:00:04]} Nxc3 {[%emt 0:01:18]} 13. Bd2 {[%emt 0:12:13]} Na4 {[%emt 0:06:20]} 14. Bd3 {[%emt 0:11:29]} Kc7 {[%emt 0:07:22]} 15. Rb1 {[%emt 0:19:00]} b6 {[%emt 0:03:18]} 16. Bc2 {[%emt 0:10:20]} Nc5 {[%emt 0:00:14]} 17. Bb4 {[%emt 0:02:53]} Nb7 {[%emt 0:27:14]} 18. a4 {[%emt 0:11:27]} a5 {[%emt 0:03:39]} 19. Ba3 {[%emt 0:00:23]} c5 {[%emt 0:00:15]} 20. O-O {[%emt 0:05:32]} Nd8 {[%emt 0:02:37]} 21. Rfd1 {[%emt 0:01:41]} Nc6 {[%emt 0:01:38]} 22. Rd6 {[%emt 0:00:43]} Bb7 {[%emt 0:00:47]} 23. Be4 {[%emt 0:02:40]} Rad8 {[%emt 0:00:37]} 24. f4 {[%emt 0:04:36]} Nb4 {[%emt 0:02:04]} 25. Bxb7 {[%emt 0:00:19]} Kxb7 {[%emt 0:00:05]} 26. Rbd1 {[%emt 0:00:29]} Kc7 {[%emt 0:01:02]} 27. Kf2 {[%emt 0:01:26]} Rxd6 {[%emt 0:01:05]} 28. Rxd6 {[%emt 0:00:13]} Rd8 {[%emt 0:00:40]} 29. Rxd8 {[%emt 0:00:12]} Kxd8 {[%emt 0:00:04]} 30. Kf3 {[%emt 0:01:08]} Ke7 {[%emt 0:00:11]} 31. Ke4 {[%emt 0:00:00]} f6 {[%emt 0:00:34]} 32. Bb2 {[%emt 0:00:15]} Nc6 {[%emt 0:00:14]} 33. Bc3 {[%emt 0:02:09]} Kf7 {[%emt 0:03:30]} 34. g4 {[%emt 0:02:19]} Nb8 {[%emt 0:05:21]} 35. Bb2 {[%emt 0:02:08]} Nd7 {[%emt 0:00:12]} 36. Bc3 {[%emt 0:01:45]} fxe5 {[%emt 0:08:09]} 37. Bxe5 {[%emt 0:01:26]} Nxe5 {[%emt 0:02:45]} 38. fxe5 {[%emt 0:02:50]} Kg6 {[%emt 0:00:58]} 39. h4 {[%emt 0:01:06]} Kh6 {[%emt 0:00:58]} 40. Ke3 {[%emt 0:00:00]} g6 {[%emt 0:01:44]} 41. Ke4 {[%emt 0:00:42]} 1/2-1/2

[Event "EYCC 2017"]
[Site "Mamaia"]
[Date "2017.09.11"]
[Round "6"]
[White "Schneider, Jana"]
[Black "Muetsch, Annmarie"]
[Result "1-0"]
[WhiteElo "2231"]
[BlackElo "2137"]
[Annotator "NA"]
[PlyCount "66"]
[EventDate "2017.??.??"]
[EventType "swiss"]
[EventCountry "ROU"]
[SourceTitle "playchess.com"]
[Source "ChessBase"]
[SourceQuality "1"]
[TimeControl "40/5400+30:1800+30"]

1. e4 {[%emt 0:00:00]} c5 {[%emt 0:00:05]} 2. Nf3 {[%emt 0:00:00]} e6 {[%emt 0:00:06]} 3. d4 {[%emt 0:00:07]} cxd4 {[%emt 0:00:06]} 4. Nxd4 {[%emt 0:00:05]} Nf6 {[%emt 0:01:01]} 5. Nc3 {[%emt 0:02:06]} Nc6 {[%emt 0:00:26]} 6. Ndb5 {[%emt 0:01:09]} d6 {[%emt 0:00:15]} 7. Bf4 {[%emt 0:00:12]} e5 {[%emt 0:00:08]} 8. Bg5 {[%emt 0:00:06]} a6 {[%emt 0:00:15]} 9. Na3 {[%emt 0:00:06]} b5 {[%emt 0:00:06]} 10. Nd5 {[%emt 0:00:18]} Be7 {[%emt 0:00:09]} 11. Bxf6 {[%emt 0:00:08]} Bxf6 {[%emt 0:00:06]} 12. c3 {[%emt 0:00:13]} O-O {[%emt 0:00:17]} 13. Nc2 {[%emt 0:00:32]} Rb8 {[%emt 0:00:13]} 14. h4 {[%emt 0:00:20]} Be7 {[%emt 0:00:35]} 15. g3 {[%emt 0:00:33]} Be6 {[%emt 0:03:49]} 16. a3 {[%emt 0:03:15]} a5 {[%emt 0:06:39]} 17. Nce3 {[%emt 0:08:51]} Qd7 {[%emt 0:06:31]} 18. a4 {[%emt 0:01:24]} b4 {[%emt 0:31:31]} 19. Bb5 {[%emt 0:00:45]} Bd8 {[%emt 0:00:25]} 20. cxb4 {[%emt 0:09:13]} axb4 {[%emt 0:14:21]} 21. Rc1 {[%emt 0:03:31]} Rxb5 {[%emt 0:03:20]} 22. axb5 {[%emt 0:00:09]} Nd4 {[%emt 0:00:12]} 23. Qd3 {[%emt 0:12:20]} Bh3 {[%emt 0:06:26]} 24. b6 {[%emt 0:12:49]} Nf3+ {[%emt 0:05:42]} 25. Kd1 {[%emt 0:00:44]} Be6 {[%emt 0:08:05]} 26. Qa6 {[%emt 0:11:31]} Bxd5 {[%emt 0:01:41]} 27. exd5 {[%emt 0:00:48]} Nd4 {[%emt 0:01:42]} 28. Rc8 {[%emt 0:03:34]} f5 {[%emt 0:07:49]} 29. b7 {[%emt 0:02:07]} f4 {[%emt 0:01:45]} 30. b8=Q {[%emt 0:03:54]} fxe3 {[%emt 0:00:06]} 31. Qbxd6 {[%emt 0:01:52]} Qg4+ {[%emt 0:00:50]} 32. Kc1 {[%emt 0:01:17]} Qe4 {[%emt 0:01:13]} 33. fxe3 {[%emt 0:05:55]} Nb3+ 1-0